| 000 | 00612na a2200217 4500 | ||
|---|---|---|---|
| 001 | 19563 | ||
| 003 | MIRAKIL | ||
| 005 | 20181213155009.0 | ||
| 008 | 161219b tu 000 0 | ||
| 020 | _a9786054348442 | ||
| 040 |
_aMilas _btur _cTR-AnCHP |
||
| 041 | _atur | ||
| 082 |
_a370.561 _bE35 2012 |
||
| 090 | _a370.561 E35 2012 | ||
| 245 |
_aEğitim izleme raporu 2011 _cEğitim Reformu Girişimi |
||
| 260 |
_aİstanbul _bSabancı Üniversitesi _c2012 |
||
| 300 |
_a212 s. _btbl.;grf. _c30 sm. |
||
| 650 |
_aEğitim _xRaporlar _zTürkiye |
||
| 710 | _aEğitim Reformu Girişimi (ERG) | ||
| 942 |
_2ddc _cBKS |
||
| 999 |
_c4541 _d4541 |
||